000
00311 a2200145 4500
001
170820
020
_a
040
_c
Magnum
100
_a
Brezina, Thomas
240
1
0
_a
Minha irmãzinha e um monstro
_l
por
245
1
0
_a
Minha irmãzinha e um monstro
362
0
_a
2002
697
_a
J/FICCAO
942
_c
BK
999
_c
170820
_d
170820